[Event "Leipzig VfB op 25th"]
[Site "Leipzig"]
[Date "2018.03.24"]
[Round "7"]
[White "Bosch, Jonael"]
[Black "Wecke, Thoralf"]
[Result "0-1"]
[WhiteElo "1540"]
[BlackElo "1929"]
[PlyCount "122"]
[EventDate "2018.03.20"]
[EventType "swiss"]
[EventRounds "9"]
[EventCountry "GER"]
[SourceTitle "CBM 183 Extra"]
[Source "ChessBase"]
[SourceDate "2018.04.19"]
[SourceVersion "1"]
[SourceVersionDate "2018.04.19"]
[SourceQuality "1"]

1. e4 Nf6 2. Nc3 d5 3. exd5 Nxd5 4. Nxd5 Qxd5 5. d4 Nc6 6. Be3 e5 7. dxe5 Qxe5 8. Qe2 Be6 9. c3 0-0-0 10. Nf3 Qd5 11. Qb5 Be7 12. Qxd5 Bxd5 13. Be2 Rhe8 14. b4 Bf6 15. Rc1 Bxa2 16. 0-0 Bd5 17. Nd2 g6 18. c4 Be6 19. Ne4 Bg7 20. Nc5 Nd4 21. Bxd4 Bxd4 22. Bf3 Bxc5 23. bxc5 c6 24. Ra1 Bxc4 25. Rfc1 Bd5 26. Rxa7 Bxf3 27. gxf3 Kc7 28. Rb1 Rb8 29. Rb4 Re1+ 30. Kg2 Rc1 31. Re4 Rxc5 32. Re7+ Kb6 33. Ra2 Rc8 34. Rxf7 Rc7 35. Rf6 Rd7 36. Rb2+ Rb5 37. Rc2 Rb4 38. Re6 Kb5 39. Re5+ Rd5 40. Re7 b6 41. Rxh7 c5 42. Kf1 Rb1+ 43. Ke2 Kb4 44. Rh4+ Kb5 45. Rg4 g5 46. h4 gxh4 47. Rxh4 Rb4 48. Re4 c4 49. Rc3 Kc5 50. f4 b5 51. Rc2 Rb3 52. Re5 c3 53. Rxd5+ Kxd5 54. Kd3 b4 55. Re2 Rb1 56. Re5+ Kc6 57. Re2 Rd1+ 58. Kc4 Rd2 59. Re6+ Kd7 60. Re1 Rb2 61. Kd3 c2 0-1

[Event "Bad Schwartau op 1st"]
[Site "Bad Schwartau"]
[Date "2014.12.29"]
[Round "6"]
[White "Svane, Frederik"]
[Black "Wecke, Thoralf"]
[Result "1-0"]
[WhiteElo "1842"]
[BlackElo "1972"]
[PlyCount "39"]
[EventDate "2014.12.27"]
[EventType "swiss"]
[EventRounds "7"]
[EventCountry "GER"]
[SourceTitle "CBM 164 Extra"]
[Source "ChessBase"]
[SourceDate "2015.03.02"]
[SourceVersion "1"]
[SourceVersionDate "2015.03.02"]
[SourceQuality "1"]

1. e4 Nf6 2. e5 Nd5 3. d4 d6 4. c4 Nb6 5. exd6 cxd6 6. Nc3 e5 7. Nf3 exd4 8. Nxd4 Nc6 9. Be2 Be7 10. Be3 0-0 11. 0-0 Nxd4 12. Bxd4 Be6 13. b3 Nd7 14. Bf3 Qc8 15. Re1 Nc5 16. Nd5 Bxd5 17. Bxd5 Bd8 18. Qf3 Ne6 19. Bxg7 Ng5 20. Qc3 1-0

[Event "Bad Schwartau op 1st"]
[Site "Bad Schwartau"]
[Date "2014.12.29"]
[Round "5"]
[White "Wecke, Thoralf"]
[Black "Rickert, Heiko"]
[Result "1-0"]
[WhiteElo "1972"]
[BlackElo "1950"]
[PlyCount "51"]
[EventDate "2014.12.27"]
[EventType "swiss"]
[EventRounds "7"]
[EventCountry "GER"]
[SourceTitle "CBM 164 Extra"]
[Source "ChessBase"]
[SourceDate "2015.03.02"]
[SourceVersion "1"]
[SourceVersionDate "2015.03.02"]
[SourceQuality "1"]

1. d4 Nf6 2. Bg5 c5 3. Nc3 cxd4 4. Qxd4 Nc6 5. Qh4 Qa5 6. 0-0-0 d6 7. e4 Be6 8. Kb1 Nxe4 9. Nxe4 Qxa2+ 10. Kc1 Qa1+ 11. Kd2 Qxb2 12. Bd3 f6 13. Be3 Qb4+ 14. c3 Qb2+ 15. Bc2 Bb3 16. Rc1 Ne5 17. Ne2 Nc4+ 18. Kd1 a5 19. Nd4 a4 20. Qh5+ g6 21. Qb5+ Kf7 22. Qd5+ Ke8 23. Qb5+ Kf7 24. Bxb3 axb3 25. Qxc4+ Ke8 26. Qxb3 1-0

[Event "Berlin Unicorn op"]
[Site "Berlin"]
[Date "2008.04.30"]
[Round "1"]
[White "Badestein, Hartmut"]
[Black "Wecke, Thoralf"]
[Result "1-0"]
[WhiteElo "2196"]
[BlackElo "1950"]
[PlyCount "51"]
[EventDate "2008.04.30"]
[EventType "swiss"]
[EventRounds "7"]
[EventCountry "GER"]
[SourceTitle "CBM 124 Extra"]
[Source "ChessBase"]
[SourceDate "2008.07.03"]
[SourceVersion "1"]
[SourceVersionDate "2008.07.03"]
[SourceQuality "1"]

1. e4 Nf6 2. e5 Nd5 3. Nc3 Nxc3 4. bxc3 d6 5. f4 dxe5 6. fxe5 Qd5 7. d4 c5 8. Nf3 Bf5 9. Be2 cxd4 10. cxd4 e6 11. 0-0 Be7 12. c4 Qd7 13. d5 Bc5+ 14. Kh1 0-0 15. Bg5 Na6 16. Nd4 Be4 17. Bg4 Nc7 18. Nb3 Ba3 19. Qe2 Bf5 20. Bxf5 exf5 21. Qd3 Bb2 22. Rae1 Rae8 23. Qg3 f6 24. Bxf6 f4 25. Rxf4 Kh8 26. e6 1-0

[Event "Leipzig VfB op 10th"]
[Site "Leipzig"]
[Date "2003.03.15"]
[Round "8"]
[White "Holz auf der Heide, Gerhard"]
[Black "Wecke, Thoralf"]
[Result "1-0"]
[WhiteElo "1583"]
[BlackElo "1784"]
[PlyCount "87"]
[EventDate "2003.03.11"]
[EventType "swiss"]
[EventRounds "9"]
[EventCountry "GER"]
[SourceTitle "EXT 2008"]
[Source "ChessBase"]
[SourceDate "2007.11.25"]
[SourceVersion "1"]
[SourceVersionDate "2007.11.25"]
[SourceQuality "1"]

1. b4 e5 2. Bb2 Bxb4 3. Bxe5 Nf6 4. c4 0-0 5. Nc3 c6 6. Qb3 Na6 7. a3 Ba5 8. Bd6 Bxc3 9. Qxc3 Ne4 10. Qd4 Nxd6 11. Qxd6 Re8 12. e3 Qb6 13. Be2 Nc5 14. Nf3 Re6 15. Qf4 d5 16. 0-0 Re4 17. Qd6 Be6 18. Rfb1 Qa5 19. cxd5 Rd8 20. Qg3 Rg4 21. Qe5 Rxd5 22. Qb2 Bc8 23. d4 Na4 24. Qb3 Nb6 25. Ne5 Rh4 26. Bf3 Rxe5 27. dxe5 Qxe5 28. g3 Rh6 29. Rd1 Qf6 30. Qd3 Nd7 31. Bg4 Rxh2 32. Kxh2 Qxf2+ 33. Kh3 h5 34. Bxd7 h4 35. e4 Bxd7+ 36. g4 Bxg4+ 37. Kxg4 Qg2+ 38. Kh5 h3 39. Qd8+ Kh7 40. Qg5 Qxe4 41. Qg4 g6+ 42. Kh4 g5+ 43. Kxh3 Qe3+ 44. Kg2 1-0